000 00341nam a2200133 i 4500
001 bg
100 1 _aŻUCHOWSKI, Ryszard
245 0 _aZmęczenie cieplne metali i elementów konstrukcji /
_cRyszard Żuchowski.
260 _aWrocław,
_c1981.
040 _cBPK
041 _apol
942 _cKS
008 s pl f |000 0 pol
999 _c20384
_d20384
856 _uhttp://koha.tu.koszalin.pl/cgi-bin/koha/opac-detail.pl?biblionumber=20384
_yKatalog online BPK